Crude, Crass, & Candid TV Characters Quiz Stats

 Plays Quiz Updated Aug 5, 2015

Support Sporcle.
Go Orange.
Score 0/20 Timer 07:00
0 Plays Today
% Correct
Eric Cartman - South Park
97.7%
Barney Stinson - How I Met Your Mother
93.2%
Charlie Harper - Two And A Half Men
91.7%
Glenn Quagmire - Family Guy
90.6%
Gordon Shumway aka ALF- ALF
86.8%
Pepé Le Pew - Looney Tunes or Merrie Melodies
84.6%
Sue Sylvester - Glee
83.4%
Dr. Todd 'The Todd' Quinlan - Scrubs
79.9%
Statler and Waldorf - The Muppet Show
79.2%
Ron Swanson - Parks And Recreation
78.3%
% Correct
Al Bundy - Married... With Children
78.3%
Meredith Palmer - The Office
76.1%
Sophia Petrillo - The Golden Girls & Golden Palace
71.9%
Louie De Palma - Taxi
70.3%
Carla Tortelli - Cheers
65.6%
George Jefferson - The Jeffersons
63.8%
Archie Bunker - All in the Family or Archie Bunker's Place
62.2%
Mimi Bobeck Carey - The Drew Carey Show
60.9%
Fred Sanford - Sanford & Son
56.5%
Dan Fielding - Night Court
42.6%

From the Vault

History Books: The Subtitles X

by MoMosMoProblems

History 4m
Wait... Why would you need subtitles for your audiobook?
Remove Ads.
Support Sporcle.
Get the best of Sporcle when you Go Orange. This ad-free experience offers more features, more stats, and more fun while also helping to support Sporcle. Thank you for becoming a member.

Show Comments

Extras

Top Quizzes Today


Score Distribution

Your Account Isn't Verified!

In order to create a playlist on Sporcle, you need to verify the email address you used during registration. Go to your Sporcle Settings to finish the process.

Report this User

Report this user for behavior that violates our Community Guidelines.

Details: